Cleft Lip & palate (Record no. 26871)

MARC details
000 -LEADER
fixed length control field 00340nam a22001577a 4500
003 - CONTROL NUMBER IDENTIFIER
control field SGT
020 ## - INTERNATIONAL STANDARD BOOK NUMBER
International Standard Book Number 9783662499917
082 ## - DEWEY DECIMAL CLASSIFICATION NUMBER
Classification number 617.522
Item number C13B
100 ## - MAIN ENTRY--PERSONAL NAME
Personal name Berkowitz, Samuel
245 ## - TITLE STATEMENT
Title Cleft Lip & palate
250 ## - EDITION STATEMENT
Edition statement 3rd
260 ## - PUBLICATION, DISTRIBUTION, ETC. (IMPRINT)
Name of publisher, distributor, etc Springer
Year of Publication 2013
300 ## - PAGE DESCRIPTION
No. of Pages 982
650 ## - SUBJECT ADDED ENTRY--TOPICAL TERM
Topical term or geographic name as entry element Oral & Maxillofacial Surgery
942 ## - ADDED ENTRY ELEMENTS (KOHA)
Source of classification or shelving scheme Dewey Decimal Classification
Koha item type Books
Holdings
Withdrawn status Lost status Source of classification or shelving scheme Damaged status Use restrictions Not for loan Home library Current library Shelving location Date acquired Vendor Name Cost, normal purchase price SGTU Bill Number Full call number Accession No. (Barcode) Date last seen Bill Date Koha item type
    Dewey Decimal Classification   Restricted Access Not For Loan SGT Dental Library SGT Dental Library Reference Book 06/09/2024 ABC Publishers & Distributers Pvt. Ltd. 22489.00 SGTU IN42 617.522 C13B FD9490 06/09/2024   Books